000
00355nam a2200157Ia 4500
003
0STCL
008
150530s9999 xx 000 0 und d
040
_a
STCL
_c
STCL
100
_a
Edward Wagenknecht; Ed
245
_a
Chaucer
260
_b
Oxford university
_c
1959
546
_a
English
942
_2
ddc
_c
BK
999
_c
52329
_d
52329
005
20220125170857.0